Los derechos fundamentales: apuntes de historia de las constituciones
Zapisane w:
| 1. autor: | |
|---|---|
| Format: | Nieznany |
| Język: | angielski hiszpański |
| Wydane: |
Madrid
Trotta
2016
|
| Wydanie: | Sexta edición |
| Seria: | Derecho
|
| Hasła przedmiotowe: | |
| Etykiety: |
Dodaj etykietę
Nie ma etykietki, Dołącz pierwszą etykiete!
|
MARC
| LEADER | 00000 a2200000 4500 | ||
|---|---|---|---|
| 003 | CL-VaPUC | ||
| 005 | 20210608001414.0 | ||
| 008 | 191230b ||||| |||| 00| 0 eng d | ||
| 999 | |c 375997 |d 375995 | ||
| 020 | |a 9788498796285 | ||
| 040 | |c Pontificia Universidad Católica de Valparaíso | ||
| 041 | 0 | |a spa | |
| 082 | |a 323.4 FIO 2009 | ||
| 100 | 1 | |a Fioravanti, Maurizio |9 604937 | |
| 245 | 1 | 4 | |a Los derechos fundamentales: apuntes de historia de las constituciones |
| 250 | |a Sexta edición | ||
| 260 | |b Trotta |c 2016 |a Madrid | ||
| 300 | |a 212 p | ||
| 490 | 0 | |a Derecho | |
| 505 | 0 | |a 1. Las tres fundamentaciones teóricas de las libertades. 2. Revoluciones y doctrinas de las libertades. 3. El lugar de las libertades en las doctrinas de la época liberal. 4. Las transformaciones constitucionales del siglo XX. Apéndice. Bibliografía. | |
| 583 | |k Hugo Gaete |c 20191230 | ||
| 650 | 0 | 0 | |a Derechos fundamentales |9 254841 |
| 650 | 0 | 0 | |a Derechos humanos |9 223025 |
| 650 | 0 | 0 | |a Historia del derecho |9 255109 |
| 650 | 0 | 0 | |a Derecho constitucional |9 222588 |
| 942 | |2 ddc |c BK | ||
| 952 | |0 0 |1 0 |2 ddc |4 0 |6 323_400000000000000_FIO_2009 |7 0 |9 495189 |a BIBDER |b BIBDER |d 2019-12-26 |e 36 |g 12992.00 |i 557093K |o 323.4 FIO 2009 |p 557093K |r 2023-01-25 |t 1 |v 12992.00 |w 2019-12-26 |y BK |k DER | ||